000 00833nam a2200301 i 4500
999 _c19254
_d19254
001 3653768
003 BDDh-ASL
005 20231015025750.0
008 770818s1977 cau b 001 0 eng
010 _a 76052580
020 _a087589318X
040 _aDLC
_cDLC
_dBDDh-ASL
050 0 0 _aH91
_b.G37
082 0 0 _a300
_bGAS
100 1 _aGastil, Raymond D.
245 1 0 _aSocial humanities /
_cRaymond D. Gastil.
250 _a1st ed.
260 _aSan Francisco :
_bJossey-Bass,
_c1977.
300 _axvi, 314 p. ;
_c24 cm.
490 0 _aThe Jossey-Bass behavioral science series
500 _aIncludes index.
504 _aBibliography: p. 287-302.
650 0 _aSocial sciences.
650 0 _aHumanities.
650 0 _aSocial problems.
906 _a7
_bcbc
_corignew
_d2
_eocip
_f19
_gy-gencatlg
942 _2ddc
_cBK